00435nam a2200181Ia 4500008004100000020001800041245002600059245001900085260001500104260001600119260000900135300001500144300002500159300001000184440003200194500000800226999001900234170705s9999 xx 000 0 und d a9780545060974 aYour skin and bones / cMegan Duhamel. aNew York : bScholastic, c2008 a16 pages : bcolor illustration ; c23cm. aScience vocabulary readers. a440 c335719d335719